000 00508 a2200157 4500
005 20250912153257.0
008 250618b |||||||| |||| 00| 0 eng d
020 _a9788119801510
080 _a89M-992
_bASH/A
100 _aAsha Sasikumar
245 _aAadikailas-Chathurdhaam yaathrakal(ആദികൈലാസ് - ചതുർധാം യാത്രകൾ)
260 _bParidhi publications
_aThiruvanthapuram
_c2023.
300 _a188p.
653 _aTravelogue-Malayalam Literature
942 _cOO
999 _c114567
_d114566